=LDR 00000nam 2200000 4500 =001 $a INLIS000000000008550 =005 $a 20260629141856 =008 $a 260629###########################0#ind## =022 ##$$a 978-602-96071-7-8 =035 ##$$a 0010-0626000177 =082 ##$$a 658.4 =084 ##$$a 658.4 AHM m =110 #$$a Ahmad Djauhar =245 ##$$a menguak gagasan 45 ceo inovatif $b - $c Ahmad Djauhar =247 ##$$a =260 ##$$a Jakarta $b Gagas Bisnis $c 2013 =300 ##$$a vi; 474 hlm. $b ilus. $c 22,5 cm. $e =310 ##$$a =321 ##$$a =520 #$$a =650 #$$a Leadership =700 #$$a =856 ##$$a =Wor $a 1